EFFECT OF AUDITORY TRAINING ON READING COMPREHENSION OF CHILDREN WITH HEARING IMPAIRMENT IN ENUGU STATE (Record no. 300264)
[ view plain ]
| 000 -LEADER | |
|---|---|
| fixed length control field | 00544nam a2200133Ia 4500 |
| 008 - FIXED-LENGTH DATA ELEMENTS--GENERAL INFORMATION | |
| fixed length control field | 160809s9999 xx 000 0 und d |
| 100 ## - MAIN ENTRY--PERSONAL NAME | |
| Personal name | Ugwuanyi, L.T. |
| 245 ## - TITLE STATEMENT | |
| Title | EFFECT OF AUDITORY TRAINING ON READING COMPREHENSION OF CHILDREN WITH HEARING IMPAIRMENT IN ENUGU STATE |
| 245 ## - TITLE STATEMENT | |
| Statement of responsibility, etc | L.T. Ugwuanyi T.A. Adaka University of Nigeria. |
| 260 ## - PUBLICATION, DISTRIBUTION, ETC. (IMPRINT) | |
| Name of publisher, distributor, etc | International Journal of Special Education |
| 260 ## - PUBLICATION, DISTRIBUTION, ETC. (IMPRINT) | |
| Date of publication, distribution, etc | 2015 |
| 650 ## - SUBJECT ADDED ENTRY--TOPICAL TERM | |
| General subdivision | SPECIAL EDUCATION |
| 856 ## - ELECTRONIC LOCATION AND ACCESS | |
| Uniform Resource Identifier | <a href="http://www.internationaljournalofspecialed.com/issues/IJSE%20ENTIRE%20ISSUE%2030%201.pdf">http://www.internationaljournalofspecialed.com/issues/IJSE%20ENTIRE%20ISSUE%2030%201.pdf</a> |
| Withdrawn status | Lost status | Damaged status | Home library | Current library | Date acquired | Total Checkouts | Date last seen | Price effective from | Koha item type |
|---|---|---|---|---|---|---|---|---|---|
| College Library | College Library | 08/09/2016 | 08/09/2016 | 08/09/2016 | Foreign e-journal articles |